000 00212nam a2200097Ia 4500
008 240331s9999 xx 000 0 und d
082 _bMAN
100 _aMansfield, M
245 0 _aBlack like me :
_bnotes
942 _cL
999 _c3190
_d3190